|
|
|
|
| LEADER |
00998nam a22003012i 4500 |
| 001 |
001499675 |
| 003 |
CZ BrMZK |
| 005 |
20160523100704.0 |
| 007 |
ta |
| 008 |
151202s1986 xo er|||||||||||slo d |
| 040 |
|
|
|a ABA013
|b cze
|d BOA001
|e rda
|
| 041 |
1 |
|
|a slo
|h cze
|
| 080 |
9 |
|
|a 53(075.3)
|
| 100 |
1 |
|
|a Lepil, Oldřich,
|d 1933-
|7 jk01071898
|4 aut
|
| 245 |
1 |
0 |
|a Fyzika pre 3. ročník gymnázia /
|c Oldřich Lepil, Václav Houdek, Alojz Pecho
|
| 250 |
|
|
|a 1. vydanie
|
| 264 |
|
1 |
|a Bratislava :
|b Slovenské pedagogické nakladateľstvo,
|c 1986
|
| 300 |
|
|
|a 311 stran
|
| 336 |
|
|
|a text
|b txt
|2 rdacontent
|
| 337 |
|
|
|a bez média
|b n
|2 rdamedia
|
| 338 |
|
|
|a svazek
|b nc
|2 rdacarrier
|
| 500 |
|
|
|a Přeloženo z češtiny
|
| 700 |
1 |
|
|a Houdek, Václav,
|d 1931-2001
|7 jx20041110007
|4 aut
|
| 700 |
1 |
|
|a Pecho, Alojz
|7 jx20040413045
|4 aut
|
| 910 |
|
|
|a BOA001
|b M2-0905.178
|
| 990 |
|
|
|a BK
|
| 991 |
|
|
|b 201511
|
| 996 |
7 |
|
|b 2619142712
|c M2-0905.178
|l MZK
|r Sklad / do 24 hodin
|n 0
|w 001534961
|u 000010
|a 1
|e BOA001
|j MZK50
|s A
|